| 000 | 00480cam a2200193ua 4500 | ||
|---|---|---|---|
| 001 | 11535 | ||
| 005 | 20260515114750.0 | ||
| 008 | 190930n ii |||gr||||Z||||||asm | ||
| 040 | _cMAIN | ||
| 082 | _a398.054 | ||
| 100 |
_aPadedhar Deori, _eAuthor. |
||
| 245 |
_aDeori sanskritir itihas _cBy Padedhar Deori |
||
| 250 | _a1st ed. | ||
| 260 |
_aDhemaji: _bKiran prakashan, _c2011. |
||
| 300 | _a186p. | ||
| 653 | _aFolklore | ||
| 653 | _aCultural history of Deori | ||
| 942 | _cBK | ||
| 999 |
_c10344 _d10344 |
||